Music Quiz

Random Music or Album Quiz
Score 0/24 Timer 08:00
3 Plays Today
% Correct
Madonna (Madonna)
95.6%
George Michael (Faith)
95.3%
Guns N' Roses (Appetite for Destruction)
87.3%
Culture Club (Kissing to Be Clever)
83.9%
Sinéad O'Connor (The Lion and the Cobra)
82.9%
Run-D.M.C. (Run-D.M.C.)
77.2%
Cyndi Lauper (She's So Unusual)
74.5%
Paula Abdul (Forever Your Girl)
73.8%
Tracy Chapman (Tracy Chapman)
73.4%
N.W.A. (Straight Outta Compton)
72%
Garth Brooks (Garth Brooks)
61.8%
The Pretenders (Pretenders)
61.5%
% Correct
Nirvana (Bleach)
57.4%
Whitney Houston (Whitney Houston)
52.6%
U2 (Boy)
51.7%
The Go-Go's (Beauty and the Beat)
50.8%
Metallica (Kill 'Em All)
49.9%
Sade (Diamond Life)
47.7%
Iron Maiden (Iron Maiden)
46.5%
Beastie Boys (Licensed to Ill)
44.6%
R.E.M. (Murmur)
39.7%
Men at Work (Business as Usual)
35.3%
Nine Inch Nails (Pretty Hate Machine)
31.3%
The Smiths (The Smiths)
26.2%

You're not logged in!

Compare scores with friends on all Sporcle quizzes.
OR
Log In

Sporcle TV

Today on Sporcle TV


Watch our educational content, quiz creation guides, and fun videos on Sporcle TV.

Show Comments

Extras

Top Quizzes Today


Score Distribution

Your Account Isn't Verified!

In order to create a playlist on Sporcle, you need to verify the email address you used during registration. Go to your Sporcle Settings to finish the process.

Report this User

Report this user for behavior that violates our Community Guidelines.

Details: